000 00306nam a22001337a 4500
020 _a9788184653328
082 _a230
100 _aGnanapragasam, Patrick
245 _aWings of Faith: Towards public Theologies in India
250 _a2013
260 _aDelhi
_bISPCK
_c2013
300 _a264
942 _cBK
999 _c19860
_d19860